[Event "Rated Blitz game"]
[Site "?"]
[Date "2021.04.26"]
[Round "?"]
[White "FredAga"]
[Black "anjaya01"]
[Result "0-1"]
[WhiteElo "2223"]
[BlackElo "2401"]
[PlyCount "38"]
[EventDate "2021.??.??"]
[EventType "blitz"]

1. e4 e5 2. Nf3 d5 3. Nxe5 Bd6 4. Nxf7 Kxf7 5. Qh5+ g6 6. Qxd5+ Be6 7. Qxb7 Nd7
8. Qa6 Ne7 9. Bc4 Bxc4 10. Qxc4+ Kg7 11. b3 Be5 12. d4 Nb6 13. Qe2 Qxd4 14. c3
Qd6 15. h3 Rhf8 16. O-O Rad8 17. f4 Bxf4 18. Rxf4 Rxf4 19. e5 Qd1+ {Normal} 0-1

[Event "Rated Blitz game"]
[Site "?"]
[Date "2021.04.26"]
[Round "?"]
[White "micfel"]
[Black "Slimslik02"]
[Result "1-0"]
[WhiteElo "2428"]
[BlackElo "2336"]
[PlyCount "49"]
[EventDate "2021.??.??"]
[EventType "blitz"]

1. e4 e5 2. Nf3 d5 3. Nxe5 Bd6 4. d4 dxe4 5. Be2 c5 6. O-O cxd4 7. Qxd4 Nc6 8.
Nxc6 bxc6 9. Qxg7 Qf6 10. Qxf6 Nxf6 11. Nc3 Bf5 12. Bg5 Nd5 13. Bd2 f6 14. Bh5+
Ke7 15. Rfe1 Nxc3 16. Bxc3 Bc5 17. Bf3 e3 18. fxe3 Bxc2 19. Rac1 Bg6 20. Bxf6+
Kxf6 21. Rxc5 Rhb8 22. Rxc6+ Kg7 23. Rxg6+ hxg6 24. Bxa8 Rxa8 25. e4 {Normal}
1-0

[Event "Rated Blitz game"]
[Site "?"]
[Date "2021.04.26"]
[Round "?"]
[White "sack11"]
[Black "annaly1979"]
[Result "1-0"]
[WhiteElo "2453"]
[BlackElo "2461"]
[PlyCount "35"]
[EventDate "2021.??.??"]
[EventType "blitz"]

1. e4 e5 2. Nf3 d5 3. exd5 e4 4. Ne5 f5 5. d4 Nf6 6. c4 b6 7. Nc3 Bd6 8. Bg5
O-O 9. Be2 Nbd7 10. Nc6 Qe8 11. O-O Qg6 12. Qd2 h6 13. Bf4 Qf7 14. Nb5 Bxf4 15.
Qxf4 Nxd5 16. cxd5 Qxd5 17. Rac1 Qxb5 18. Bxb5 {Normal} 1-0

[Event "Rated Blitz game"]
[Site "?"]
[Date "2021.04.26"]
[Round "?"]
[White "Spaine"]
[Black "DarthZannah"]
[Result "0-1"]
[WhiteElo "2486"]
[BlackElo "2521"]
[PlyCount "36"]
[EventDate "2021.??.??"]
[EventType "blitz"]

1. e4 e5 2. Nf3 d5 3. exd5 e4 4. Ne5 Qxd5 5. d4 exd3 6. Nxd3 Nf6 7. Nc3 Qf5 8.
Bf4 c6 9. Qd2 Be7 10. O-O-O O-O 11. Re1 Be6 12. h3 Qa5 13. g4 Nd5 14. Be5 Nd7
15. a3 Bxa3 16. bxa3 Qxa3+ 17. Nb2 Nxe5 18. Rxe5 Nxc3 {Normal} 0-1

[Event "Rated Blitz game"]
[Site "?"]
[Date "2021.04.26"]
[Round "?"]
[White "rampageJackson"]
[Black "Gifroy"]
[Result "0-1"]
[WhiteElo "2366"]
[BlackElo "2429"]
[PlyCount "57"]
[EventDate "2021.??.??"]
[EventType "blitz"]

1. e4 e5 2. Nf3 d5 3. Nxe5 Bd6 4. d4 dxe4 5. Nc4 Be7 6. Ne3 Nf6 7. c4 Nc6 8. d5
Ne5 9. Nc3 b6 10. Qc2 O-O 11. Nxe4 Nxe4 12. Qxe4 Bf6 13. Bd2 Re8 14. Qc2 Ng4
15. Be2 h5 16. h3 Nxe3 17. Bxe3 g6 18. O-O Bf5 19. Bd3 Bxd3 20. Qxd3 Bxb2 21.
Rad1 Bg7 22. f4 Bf8 23. f5 Rxe3 24. Qc2 Bc5 25. Kh1 Qg5 26. fxg6 Qxg6 27. Rf5
Rae8 28. Rdf1 Re2 29. Rg5 {Normal} 0-1

[Event "Rated Blitz game"]
[Site "?"]
[Date "2021.04.26"]
[Round "?"]
[White "jbTraining"]
[Black "JellalFernandes"]
[Result "0-1"]
[WhiteElo "2451"]
[BlackElo "2563"]
[PlyCount "54"]
[EventDate "2021.??.??"]
[EventType "blitz"]

1. e4 e5 2. Nf3 d5 3. Nxe5 Bd6 4. d4 dxe4 5. Bf4 Ne7 6. Qd2 O-O 7. Nc3 Ng6 8.
Nxg6 hxg6 9. O-O-O Re8 10. h4 Bg4 11. Re1 Nc6 12. d5 Bxf4 13. Qxf4 Ne5 14. Rxe4
Qf6 15. Qd2 Bf5 16. Re1 a6 17. h5 gxh5 18. Rxh5 Bg6 19. Rh3 Ng4 20. f3 Ne5 21.
Be2 b5 22. g4 Rab8 23. f4 Nc4 24. Bxc4 Rxe1+ 25. Qxe1 Qxf4+ 26. Qd2 Qxc4 27. b3
Qf1+ {Normal} 0-1

[Event "Rated Blitz game"]
[Site "?"]
[Date "2021.04.26"]
[Round "?"]
[White "Carb22"]
[Black "Rusert"]
[Result "1-0"]
[WhiteElo "2405"]
[BlackElo "2508"]
[PlyCount "105"]
[EventDate "2021.??.??"]
[EventType "blitz"]

1. e4 e5 2. Nf3 d5 3. exd5 e4 4. Nd4 Qxd5 5. Nb3 Nf6 6. d4 exd3 7. Qxd3 Nc6 8.
a3 Bf5 9. Qxd5 Nxd5 10. c4 Nb6 11. Nc3 O-O-O 12. Be3 Be7 13. Be2 Bf6 14. Rc1
Bxc3+ 15. bxc3 Ne5 16. c5 Nbc4 17. Bd4 Nd3+ 18. Bxd3 Bxd3 19. f3 Rhe8+ 20. Kf2
f6 21. Rhe1 Nxa3 22. c6 b6 23. Ra1 Nb5 24. Re3 Rxe3 25. Kxe3 Bc4 26. Nd2 Bf7
27. h4 a5 28. g4 h6 29. g5 Nxd4 30. cxd4 hxg5 31. hxg5 fxg5 32. Rg1 Rd5 33. Ne4
Be8 34. Nxg5 Bxc6 35. Ne6 Rf5 36. f4 Rf7 37. Nxg7 a4 38. f5 a3 39. Kf4 a2 40.
Ne6 b5 41. Rg8+ Kd7 42. Nc5+ Ke7 43. Rg1 Bd7 44. Nxd7 Kxd7 45. Ra1 Kd6 46. Rxa2
Kd5 47. Rb2 c6 48. Rb4 Rg7 49. f6 Rg1 50. Kf5 Rf1+ 51. Kg5 Ke6 52. d5+ Kxd5 53.
Rb2 {Time forfeit} 1-0

[Event "Rated Blitz tournament gbXWUgrm"]
[Site "?"]
[Date "2021.04.25"]
[Round "?"]
[White "Heisenberg01"]
[Black "Akbas_Kaan"]
[Result "1-0"]
[WhiteElo "2659"]
[BlackElo "2405"]
[PlyCount "77"]
[EventDate "2021.??.??"]
[EventType "blitz"]

1. e4 e5 2. Nf3 d5 3. Nc3 dxe4 4. Nxe5 Nf6 5. d4 exd3 6. Bxd3 Bd6 7. Nc4 O-O 8.
O-O Nc6 9. Bg5 h6 10. Bxf6 Qxf6 11. Ne4 Qe7 12. Ncxd6 cxd6 13. Nxd6 Be6 14. Re1
Rad8 15. Ne4 Nd4 16. Qc1 Qh4 17. Qe3 Nf5 18. Qxa7 Bd5 19. Ng3 Nxg3 20. hxg3 Qh5
21. Qe3 Bc6 22. Qf4 Rfe8 23. Qf5 Qxf5 24. Bxf5 g6 25. Rxe8+ Rxe8 26. Bd3 h5 27.
f3 Kg7 28. Kf2 Kf6 29. a4 Ra8 30. a5 Rc8 31. a6 bxa6 32. Rxa6 Kg7 33. b4 Bd5
34. b5 Rb8 35. c4 Be6 36. c5 Kf6 37. c6 Ke7 38. c7 Rb7 39. Rxe6+ {Normal} 1-0

[Event "Rated Blitz game"]
[Site "?"]
[Date "2021.04.25"]
[Round "?"]
[White "SpeedMonkey"]
[Black "pasha1984"]
[Result "1/2-1/2"]
[WhiteElo "2498"]
[BlackElo "2402"]
[PlyCount "112"]
[EventDate "2021.??.??"]
[EventType "blitz"]

1. e4 e5 2. Nf3 d5 3. exd5 e4 4. Qe2 Nf6 5. d3 Qxd5 6. Nbd2 Nc6 7. Nxe4 Be6 8.
Nxf6+ gxf6 9. g3 O-O-O 10. Bg2 Nd4 11. Nxd4 Qxg2 12. Qf3 Qh3 13. Nxe6 fxe6 14.
Bd2 f5 15. Bc3 Rg8 16. O-O-O Bc5 17. Rde1 Rg6 18. Re5 Bd6 19. Rb5 b6 20. Qa8+
Kd7 21. Qxa7 Qg2 22. Re1 Ra8 23. Qxa8 Qxa8 24. Kb1 h5 25. h4 Bc5 26. d4 Bd6 27.
Bd2 Qf3 28. Be3 Kc6 29. a4 Rg4 30. Rd1 Qe4 31. Rb3 f4 32. gxf4 Bxf4 33. Rc3+
Kb7 34. a5 Bxe3 35. Rxe3 Qd5 36. axb6 cxb6 37. c3 Rxh4 38. Kc2 Rh1 39. Rd2 Rf1
40. Rde2 Qg2 41. Rxe6 Rxf2 42. Re7+ Ka6 43. Rxf2 Qxf2+ 44. Kb3 h4 45. Re8 Qf7+
46. c4 Qxe8 47. Kb4 Kb7 48. d5 h3 49. c5 h2 50. c6+ Kc7 51. Kb5 Kd6 52. b4 Qb8
53. Ka6 Qc7 54. b5 Kc5 55. d6 Qxd6 56. c7 Qxc7 {Normal} 1/2-1/2

[Event "Rated Blitz game"]
[Site "?"]
[Date "2021.04.25"]
[Round "?"]
[White "RZ_Kyoukai"]
[Black "magos33"]
[Result "1-0"]
[WhiteElo "2279"]
[BlackElo "2418"]
[PlyCount "61"]
[EventDate "2021.??.??"]
[EventType "blitz"]

1. e4 e5 2. Nf3 d5 3. exd5 e4 4. Qe2 Nf6 5. Nc3 Be7 6. Nxe4 Nxd5 7. h3 O-O 8.
d3 Re8 9. Be3 f5 10. Nc3 Bb4 11. O-O-O Bxc3 12. bxc3 Nxc3 13. Qd2 Nxd1 14. Kxd1
Nc6 15. d4 Be6 16. c4 Bf7 17. d5 Ne5 18. Nxe5 Rxe5 19. Bf4 Re4 20. Bd3 Rd4 21.
Be5 Rh4 22. g3 Rh6 23. Bxf5 c6 24. d6 Bxc4 25. Re1 Bd5 26. d7 Qb6 27. Bd4 c5
28. Qg5 Bf3+ 29. Kc1 cxd4 30. Re8+ Kf7 31. Qe7# {Normal} 1-0

[Event "Rated Blitz tournament vPJTBvui"]
[Site "?"]
[Date "2021.04.25"]
[Round "?"]
[White "lenta1"]
[Black "Toledanomad"]
[Result "1-0"]
[WhiteElo "2467"]
[BlackElo "2380"]
[PlyCount "75"]
[EventDate "2021.??.??"]
[EventType "blitz"]

1. e4 e5 2. Nf3 d5 3. exd5 e4 4. Qe2 Nf6 5. Nc3 Be7 6. Nxe4 O-O 7. d3 Nxd5 8.
Qd1 Re8 9. Be2 f5 10. Ng3 c5 11. O-O Bf6 12. c3 Nc6 13. Re1 b6 14. Bf1 Ba6 15.
Rxe8+ Qxe8 16. Nxf5 Rd8 17. Qa4 Bb7 18. Ng3 Qg6 19. Bd2 Nde7 20. Re1 Nf5 21. a3
h6 22. Qe4 Na5 23. Qxf5 Qxf5 24. Nxf5 Nb3 25. Bf4 Ba6 26. d4 Bxf1 27. Kxf1 g5
28. Be3 Kh7 29. g4 Kg6 30. h3 Na5 31. dxc5 Nc4 32. cxb6 axb6 33. Bc1 h5 34. Kg2
hxg4 35. hxg4 Rc8 36. Re6 Kf7 37. Re4 Na5 38. Nd6+ {Normal} 1-0

[Event "Rated Blitz game"]
[Site "?"]
[Date "2021.04.25"]
[Round "?"]
[White "Pin30000"]
[Black "Lox22992"]
[Result "0-1"]
[WhiteElo "2212"]
[BlackElo "2660"]
[PlyCount "22"]
[EventDate "2021.??.??"]
[EventType "blitz"]

1. e4 e5 2. Nf3 d5 3. exd5 Qxd5 4. d4 exd4 5. Nxd4 Nf6 6. Nc3 Qd8 7. Be3 Be7 8.
Bc4 Nc6 9. O-O Nxd4 10. Bxd4 Be6 11. Qe2 Qxd4 {Normal} 0-1

[Event "Rated Blitz tournament J93NJDVy"]
[Site "?"]
[Date "2021.04.25"]
[Round "?"]
[White "Jazzyjef"]
[Black "BillyBouwmans"]
[Result "1/2-1/2"]
[WhiteElo "2492"]
[BlackElo "2216"]
[PlyCount "139"]
[EventDate "2021.??.??"]
[EventType "blitz"]

1. e4 e5 2. Nf3 d5 3. Nc3 d4 4. Ne2 f6 5. Ng3 Be6 6. Bb5+ c6 7. Ba4 Nh6 8. d3
Nf7 9. h3 Bd6 10. Bb3 Qd7 11. Bxe6 Qxe6 12. Nf5 O-O 13. Nh2 Kh8 14. Bd2 g6 15.
Ng3 Nd7 16. O-O f5 17. f4 fxe4 18. Nxe4 Bc7 19. Qg4 Qd5 20. f5 Rg8 21. fxg6
Rxg6 22. Qh5 Rag8 23. Ng4 Qe6 24. Rf2 Nd6 25. Ng5 Qe7 26. Rf7 Qxf7 27. Nxf7+
Nxf7 28. Rf1 R8g7 29. Rf2 c5 30. Bh6 Nxh6 31. Nxh6 Nf6 32. Qh4 Bd8 33. Nf5 Rg8
34. Nh6 R8g7 35. Ng4 Nxg4 36. Qxd8+ Rg8 37. Rf8 Ne3 38. Rxg8+ Rxg8 39. Qf6+ Rg7
40. Qxe5 b6 41. Kf2 Nxg2 42. h4 Nxh4 43. Qe8+ Rg8 44. Qe5+ Rg7 45. Qb8+ Rg8 46.
Qxa7 Rf8+ 47. Ke2 Rf6 48. Qb8+ Kg7 49. Qe5 Nf3 50. Qc7+ Kg6 51. Qg3+ Kf7 52.
Qc7+ Kg6 53. a4 Ng1+ 54. Kd1 Rf1+ 55. Kd2 Rf2+ 56. Ke1 Rxc2 57. Qg3+ Kf7 58.
Qf4+ Ke6 59. Qe4+ Kd6 60. Qxh7 Nf3+ 61. Kd1 Rd2+ 62. Kc1 Rf2 63. Qg6+ Kd5 64.
Qh5+ Kc6 65. Qg6+ Kb7 66. Qf7+ Ka6 67. Qc4+ Kb7 68. Qf7+ Ka6 69. Qc4+ Kb7 70.
Qf7+ {Normal} 1/2-1/2

[Event "Rated Blitz tournament gbXWUgrm"]
[Site "?"]
[Date "2021.04.25"]
[Round "?"]
[White "Meysonn"]
[Black "Akbas_Kaan"]
[Result "1-0"]
[WhiteElo "2642"]
[BlackElo "2407"]
[PlyCount "109"]
[EventDate "2021.??.??"]
[EventType "blitz"]

1. e4 e5 2. Nf3 d5 3. d3 dxe4 4. dxe4 Qxd1+ 5. Kxd1 f6 6. Bc4 Bg4 7. Be3 Nc6 8.
c3 O-O-O+ 9. Ke2 Nge7 10. Nbd2 Na5 11. Bf7 Kb8 12. h3 Bc8 13. b4 Nac6 14. Rhd1
Ng6 15. Nb3 Be7 16. b5 Rxd1 17. Rxd1 Nd8 18. Bc4 Be6 19. Nfd2 Bxc4+ 20. Nxc4
Ne6 21. g3 Rd8 22. Rb1 b6 23. a4 Ngf8 24. a5 Nd7 25. h4 Ndc5 26. Nxc5 Bxc5 27.
Bd2 Kb7 28. a6+ Kc8 29. h5 c6 30. Ne3 Bxe3 31. Bxe3 Kc7 32. f4 exf4 33. gxf4
Re8 34. f5 Nf8 35. Bf4+ Kc8 36. Kf3 cxb5 37. Rxb5 g6 38. fxg6 hxg6 39. h6 Ne6
40. Be3 Rh8 41. Rd5 g5 42. Rd6 Nc7 43. Rxf6 Nxa6 44. Bxg5 Nc5 45. e5 a5 46. e6
Kc7 47. e7 Nd7 48. Rf5 Kd6 49. h7 Ke6 50. Rf8 Nxf8 51. e8=Q+ Kf5 52. Be7 Ng6
53. Qf7+ Ke5 54. Bf6+ Kf5 55. Bxh8+ {Normal} 1-0

[Event "Rated Blitz game"]
[Site "?"]
[Date "2021.04.25"]
[Round "?"]
[White "SchroedingersQueen"]
[Black "GoughPhar"]
[Result "0-1"]
[WhiteElo "2264"]
[BlackElo "2426"]
[PlyCount "44"]
[EventDate "2021.??.??"]
[EventType "blitz"]

1. e4 e5 2. Nf3 d5 3. Nxe5 Bd6 4. Ng4 dxe4 5. Bc4 h5 6. Ne3 Nf6 7. Nc3 Nc6 8.
a3 Bg4 9. f3 exf3 10. gxf3 Bh3 11. Qe2 O-O 12. Rg1 Nd4 13. Qd3 c6 14. Kf2 Bxh2
15. Rh1 Qd6 16. Ne2 c5 17. b4 Qe5 18. Bb2 Rad8 19. Rag1 Bxg1+ 20. Rxg1 Qh2+ 21.
Ke1 Nxf3+ 22. Kd1 Rxd3 {Time forfeit} 0-1

[Event "Rated Blitz game"]
[Site "?"]
[Date "2021.04.25"]
[Round "?"]
[White "rivas79"]
[Black "anjaya01"]
[Result "1-0"]
[WhiteElo "2298"]
[BlackElo "2413"]
[PlyCount "43"]
[EventDate "2021.??.??"]
[EventType "blitz"]

1. e4 e5 2. Nf3 d5 3. Nxe5 Bd6 4. Nc4 dxe4 5. Nxd6+ Qxd6 6. Nc3 f5 7. Bc4 Nf6
8. O-O Be6 9. d3 Bxc4 10. dxc4 Qxd1 11. Rxd1 c6 12. Bg5 Nbd7 13. Ne2 h6 14.
Bxf6 Nxf6 15. Nf4 g5 16. Ne6 Ke7 17. Nc5 b6 18. Nb3 Rad8 19. Nd4 f4 20. Nxc6+
Ke6 21. Nxd8+ Rxd8 22. Rxd8 {Normal} 1-0

[Event "Rated Blitz tournament xN7IMafH"]
[Site "?"]
[Date "2021.04.25"]
[Round "?"]
[White "SimonMkrtchyan"]
[Black "Maltinho"]
[Result "1/2-1/2"]
[WhiteElo "2364"]
[BlackElo "2592"]
[PlyCount "44"]
[EventDate "2021.??.??"]
[EventType "blitz"]

1. e4 e5 2. Nf3 d5 3. d4 dxe4 4. Nxe5 Bd6 5. Nc3 Bxe5 6. dxe5 Qxd1+ 7. Kxd1 Nc6
8. Bb5 Bd7 9. Nxe4 O-O-O 10. Bd2 Nxe5 11. Bxd7+ Rxd7 12. Ke2 Ne7 13. Bc3 N7g6
14. Rad1 Re8 15. Rxd7 Nxd7 16. Kf3 Nh4+ 17. Kf4 Nxg2+ 18. Kg3 Rxe4 19. Kxg2 Nc5
20. Rd1 b6 21. Kf3 Rh4 22. Bxg7 Rxh2 {Normal} 1/2-1/2

[Event "Rated Blitz tournament xQiYhraH"]
[Site "?"]
[Date "2021.04.25"]
[Round "?"]
[White "hreuwen"]
[Black "DarthZannah"]
[Result "0-1"]
[WhiteElo "2213"]
[BlackElo "2509"]
[PlyCount "108"]
[EventDate "2021.??.??"]
[EventType "blitz"]

1. e4 e5 2. Nf3 d5 3. Nxe5 dxe4 4. d4 Nd7 5. Nc4 Nb6 6. Nc3 Nf6 7. Bg5 Be7 8.
Nxb6 axb6 9. Bb5+ c6 10. Be2 O-O 11. O-O h6 12. Bxf6 Bxf6 13. Nxe4 Bxd4 14. c3
Be5 15. Qxd8 Rxd8 16. Bc4 Bf5 17. Rfe1 Bc7 18. Ng3 Bg6 19. Re2 b5 20. Bb3 Rd7
21. Rae1 Rad8 22. Nf1 Kh7 23. Ne3 Rd2 24. Nf1 Rxe2 25. Rxe2 Rd7 26. Bc2 Bxc2
27. Rxc2 Rd1 28. g3 f5 29. Kg2 f4 30. Nd2 Kg6 31. Nb3 Kf5 32. Nc5 b6 33. Nb3 c5
34. Rd2 Rxd2 35. Nxd2 g5 36. h3 h5 37. Kf3 g4+ 38. hxg4+ hxg4+ 39. Kg2 Bd8 40.
f3 fxg3 41. Kxg3 Bc7+ 42. Kg2 g3 43. Nf1 Kf4 44. Nxg3 Ke3 45. Nh5 Kd2 46. f4
Kc2 47. f5 Kxb2 48. f6 Kxa2 49. f7 Bd6 50. Kf3 Kb3 51. Ke4 Kxc3 52. Nf4 b4 53.
Nd5+ Kc2 54. Nxb6 b3 {Time forfeit} 0-1

[Event "Rated Rapid game"]
[Site "?"]
[Date "2021.04.25"]
[Round "?"]
[White "Wiljalba"]
[Black "Phdchess50"]
[Result "1/2-1/2"]
[WhiteElo "2448"]
[BlackElo "2358"]
[PlyCount "89"]
[EventDate "2021.??.??"]
[EventType "rapid"]

1. e4 e5 2. Nf3 d5 3. Nxe5 Bd6 4. d4 dxe4 5. Nc3 Bxe5 6. dxe5 Qxd1+ 7. Nxd1 Nc6
8. Nc3 Bf5 9. Bb5 Nge7 10. Bf4 O-O-O 11. O-O Ng6 12. Bxc6 Nxf4 13. Bxe4 Bxe4
14. Nxe4 Rhe8 15. Ng5 h6 16. Nf3 Ne2+ 17. Kh1 Nd4 18. Nxd4 Rxd4 19. f4 Rd2 20.
Rac1 f6 21. Rfe1 fxe5 22. fxe5 Kd7 23. Rcd1 Rxd1 24. Rxd1+ Ke6 25. Kg1 Re7 26.
Re1 Kf5 27. Kf2 Rxe5 28. g4+ Kf4 29. Rxe5 Kxe5 30. Ke3 g6 31. h4 g5 32. h5 c5
33. c4 b6 34. a3 a6 35. b4 cxb4 36. axb4 a5 37. c5 a4 38. cxb6 Kd6 39. Kd3 Kc6
40. Kc3 Kxb6 41. Kb2 Kc6 42. Ka2 Kb6 43. Kb2 Kc6 44. Ka2 Kb6 45. Kb2 {Normal}
1/2-1/2

[Event "Rated Blitz game"]
[Site "?"]
[Date "2021.04.25"]
[Round "?"]
[White "BLCTD"]
[Black "GoughPhar"]
[Result "0-1"]
[WhiteElo "2483"]
[BlackElo "2419"]
[PlyCount "63"]
[EventDate "2021.??.??"]
[EventType "blitz"]

1. e4 e5 2. Nf3 d5 3. Bb5+ c6 4. Ba4 dxe4 5. Nxe5 Qd4 6. Nxc6 bxc6 7. Bb3 Nf6
8. O-O Bd6 9. Nc3 O-O 10. d3 Qe5 11. f4 exf3 12. g3 Bg4 13. Qe1 Bc5+ 14. Kh1
Qxe1 15. Rxe1 f2 16. Rf1 Bh3 17. Bg5 Bxf1 18. Rxf1 Ng4 19. Kg2 Nd7 20. Ne4 h6
21. Bd2 Rfe8 22. Nxc5 Nxc5 23. h3 Ne3+ 24. Bxe3 Rxe3 25. Bc4 Re2 26. d4 Rxc2
27. b3 Ne6 28. d5 cxd5 29. Bxd5 Rd8 30. Bc4 Rxa2 31. Rxf2 Rxf2+ 32. Kxf2 {
Normal} 0-1

[Event "Rated Blitz tournament fW48sD0m"]
[Site "?"]
[Date "2021.04.25"]
[Round "?"]
[White "BoomerRemover2003"]
[Black "DonCroccante"]
[Result "0-1"]
[WhiteElo "2268"]
[BlackElo "2409"]
[PlyCount "24"]
[EventDate "2021.??.??"]
[EventType "blitz"]

1. e4 e5 2. Nf3 d5 3. exd5 e4 4. Nd4 Nf6 5. Nc3 Be7 6. Bc4 O-O 7. O-O c6 8. d6
Bxd6 9. Re1 Bxh2+ 10. Kxh2 Ng4+ 11. Kg3 Qxd4 12. Nxe4 Qxc4 {Normal} 0-1

[Event "Rated Blitz tournament gbXWUgrm"]
[Site "?"]
[Date "2021.04.25"]
[Round "?"]
[White "Kayra_Kamer"]
[Black "Arkadag2020"]
[Result "0-1"]
[WhiteElo "2489"]
[BlackElo "2530"]
[PlyCount "38"]
[EventDate "2021.??.??"]
[EventType "blitz"]

1. e4 e5 2. Nf3 d5 3. exd5 e4 4. Qe2 Be7 5. Qxe4 Nf6 6. Qe2 O-O 7. d3 Nxd5 8.
Be3 Nc6 9. Qd2 Bg4 10. Be2 f5 11. Bg5 Bxf3 12. Bxe7 Qxe7 13. gxf3 Nd4 14. Kd1
Rae8 15. Re1 Qe5 16. Nc3 Nf4 17. Bf1 Qxe1+ 18. Qxe1 Rxe1+ 19. Kxe1 Nxc2+ {
Normal} 0-1

[Event "Rated Blitz tournament gbXWUgrm"]
[Site "?"]
[Date "2021.04.25"]
[Round "?"]
[White "ataberktr26"]
[Black "dr_xStranger"]
[Result "0-1"]
[WhiteElo "2390"]
[BlackElo "2531"]
[PlyCount "26"]
[EventDate "2021.??.??"]
[EventType "blitz"]

1. e4 e5 2. Nf3 d5 3. d4 dxe4 4. Nxe5 Bd6 5. Nc4 Nf6 6. Nc3 O-O 7. Bg5 Re8 8.
Nxd6 Qxd6 9. Bxf6 Qxf6 10. Be2 e3 11. f3 Nc6 12. Ne4 Rxe4 13. fxe4 Qf2# {Normal
} 0-1

[Event "Rated Blitz game"]
[Site "?"]
[Date "2021.04.25"]
[Round "?"]
[White "kmsalex"]
[Black "magos33"]
[Result "1/2-1/2"]
[WhiteElo "2365"]
[BlackElo "2421"]
[PlyCount "143"]
[EventDate "2021.??.??"]
[EventType "blitz"]

1. e4 e5 2. Nf3 d5 3. Nxe5 Bd6 4. d4 dxe4 5. Nc4 Nf6 6. Nc3 O-O 7. Bg5 Bf5 8.
Be2 Be7 9. Qd2 Nc6 10. O-O-O Nd5 11. Bxe7 Ncxe7 12. h4 Nxc3 13. Qxc3 Nd5 14.
Qg3 b5 15. Ne5 f6 16. Ng4 Bxg4 17. Bxg4 f5 18. Be2 f4 19. Qg5 c6 20. Qxd8 Raxd8
21. c4 Nc7 22. b3 a6 23. h5 Ne6 24. d5 cxd5 25. Rxd5 Rxd5 26. cxd5 Nd4 27. Bg4
Nf5 28. Re1 Nd6 29. Be6+ Kh8 30. Kb2 h6 31. Rc1 g6 32. Rc6 Rd8 33. Rxa6 gxh5
34. a4 bxa4 35. bxa4 h4 36. Kc3 f3 37. gxf3 exf3 38. Kd4 Kg7 39. Ke5 Nc4+ 40.
Kf4 h3 41. Bxh3 Rxd5 42. Kxf3 Rh5 43. Bg4 Rc5 44. Ra7+ Kf6 45. Ra6+ Kg5 46. Bd7
Ne5+ 47. Kg3 Nxd7 48. f4+ Kh5 49. Rd6 Rc3+ 50. Kf2 Nc5 51. f5 Ne4+ 52. Ke2 Nxd6
53. f6 Ra3 54. Kd2 Rxa4 55. Ke3 Kg6 56. Kd3 Kxf6 57. Ke3 Ke5 58. Kf3 h5 59. Kg3
Kf5 60. Kh3 Kg5 61. Kh2 Ra3 62. Kg2 Kf4 63. Kh2 Kg4 64. Kg2 Ra2+ 65. Kf1 Kf3
66. Ke1 Rh2 67. Kd1 Ke3 68. Ke1 Kd3 69. Kf1 Re2 70. Kg1 Ke3 71. Kf1 Nf5 72. Kg1
{Time forfeit} 1/2-1/2

[Event "Rated Blitz tournament H6qjm5C2"]
[Site "?"]
[Date "2021.04.25"]
[Round "?"]
[White "MeneerMandje"]
[Black "om_gendut"]
[Result "0-1"]
[WhiteElo "2575"]
[BlackElo "2436"]
[PlyCount "146"]
[EventDate "2021.??.??"]
[EventType "blitz"]

1. e4 e5 2. Nf3 d5 3. exd5 e4 4. Qe2 Be7 5. Qxe4 Nf6 6. Qa4+ Nbd7 7. Nc3 O-O 8.
Be2 Nb6 9. Qb3 Nbxd5 10. Nxd5 Nxd5 11. d4 Bf5 12. O-O Nb4 13. Bd1 Be6 14. Qe3
Nd5 15. Qd3 Nb6 16. b3 Bf6 17. Bb2 c5 18. Be2 c4 19. Qd2 Rc8 20. Rad1 Qc7 21.
Ba3 Rfd8 22. h3 Bd5 23. Bc5 Nd7 24. Bb4 Nb6 25. Qe3 Re8 26. Ne5 Bxe5 27. dxe5
Rxe5 28. Qd2 c3 29. Qd3 Be4 30. Qg3 Ree8 31. Bd6 Qc6 32. Bd3 Rcd8 33. Be5 Bg6
34. Bxg6 hxg6 35. Qxc3 Qxc3 36. Bxc3 Rc8 37. Rd3 Re2 38. Rc1 Re6 39. Bd2 Re7
40. c4 Nd7 41. Bb4 Ne5 42. Re3 Rd7 43. Rxe5 a5 44. Bc3 f6 45. Re3 Kf7 46. Rce1
Rcd8 47. Bxa5 Rc8 48. Bb4 Kg8 49. Re7 Rcc7 50. Rxd7 Rxd7 51. Re8+ Kh7 52. Re7
Rd1+ 53. Kh2 g5 54. Bc3 Kg6 55. h4 Rc1 56. Rxb7 Rc2 57. hxg5 Rxc3 58. Rb5 fxg5
59. a4 Rxb3 60. a5 Ra3 61. Rb6+ Kh5 62. a6 g4 63. Rb5+ g5 64. Rb6 g3+ 65. fxg3
Kg4 66. Rb4 Rxa6 67. c5+ Kh5 68. Rc4 Rc6 69. g4+ Kg6 70. Rc2 Rc7 71. Kg3 Rh7
72. c6 Re7 73. c7 Re3+ {Time forfeit} 0-1

[Event "Rated Blitz tournament H6qjm5C2"]
[Site "?"]
[Date "2021.04.25"]
[Round "?"]
[White "Walalapop"]
[Black "om_gendut"]
[Result "0-1"]
[WhiteElo "2329"]
[BlackElo "2430"]
[PlyCount "20"]
[EventDate "2021.??.??"]
[EventType "blitz"]

1. e4 e5 2. Nf3 d5 3. Nxe5 Bd6 4. d4 dxe4 5. Nc3 Bxe5 6. dxe5 Qxd1+ 7. Kxd1 Nc6
8. Bb5 Bd7 9. Bf4 O-O-O 10. Ke2 Nd4+ {Normal} 0-1

[Event "Rated Blitz game"]
[Site "?"]
[Date "2021.04.25"]
[Round "?"]
[White "RamChess1130"]
[Black "MagnusPalmi"]
[Result "1-0"]
[WhiteElo "2415"]
[BlackElo "2368"]
[PlyCount "31"]
[EventDate "2021.??.??"]
[EventType "blitz"]

1. e4 e5 2. Nf3 d5 3. exd5 e4 4. Qe2 Nf6 5. d3 Qxd5 6. Nc3 Bb4 7. Bd2 Bxc3 8.
Bxc3 Nbd7 9. Nd2 O-O 10. dxe4 Qc6 11. O-O-O Re8 12. f3 a5 13. Qb5 Qe6 14. Bc4
Qe7 15. e5 Nh5 16. e6 {Normal} 1-0

[Event "Rated Blitz game"]
[Site "?"]
[Date "2021.04.25"]
[Round "?"]
[White "art517"]
[Black "magos33"]
[Result "1-0"]
[WhiteElo "2378"]
[BlackElo "2404"]
[PlyCount "99"]
[EventDate "2021.??.??"]
[EventType "blitz"]

1. e4 e5 2. Nf3 d5 3. d4 dxe4 4. Nxe5 Bd6 5. Nc4 Nf6 6. Bg5 Be7 7. Nc3 Bf5 8.
Ne3 Bg6 9. Be2 Nbd7 10. h4 h6 11. Bf4 c6 12. h5 Bh7 13. d5 Bb4 14. O-O Bxc3 15.
bxc3 O-O 16. dxc6 bxc6 17. Qd6 Qa5 18. Qxc6 Rac8 19. Qb5 Qxb5 20. Bxb5 Rxc3 21.
Rfd1 Nb6 22. Be2 Rfc8 23. a4 R3c5 24. a5 Nbd7 25. a6 Ne5 26. Rab1 Nc6 27. g4
Nd8 28. Rb7 Ne6 29. Bd6 Rg5 30. Rxa7 Nxh5 31. Rb7 Nhf4 32. Kf1 Nxe2 33. Kxe2
Ra5 34. a7 Rxa7 35. Rxa7 h5 36. gxh5 f5 37. c4 f4 38. Nd5 Rxc4 39. Ne7+ Kf7 40.
Nf5+ Kf6 41. Ne7 Rc2+ 42. Kf1 e3 43. Nd5+ Kg5 44. fxe3 f3 45. Nf4 Rh2 46. Nh3+
Rxh3 47. Ra5+ Bf5 48. Kf2 Rh2+ 49. Kg3 Rg2+ 50. Kxf3 {Time forfeit} 1-0

[Event "Rated Blitz tournament H6qjm5C2"]
[Site "?"]
[Date "2021.04.25"]
[Round "?"]
[White "kingfisher999"]
[Black "om_gendut"]
[Result "0-1"]
[WhiteElo "2510"]
[BlackElo "2484"]
[PlyCount "29"]
[EventDate "2021.??.??"]
[EventType "blitz"]

1. e4 e5 2. Nf3 d5 3. exd5 e4 4. Qe2 Be7 5. Qxe4 Nf6 6. Qe2 O-O 7. d3 Re8 8.
Be3 Nxd5 9. Nbd2 Nc6 10. O-O-O Bf5 11. Ne4 Bg6 12. h3 f5 13. Neg5 f4 14. h4
fxe3 15. fxe3 {Normal} 0-1

[Event "Rated Blitz game"]
[Site "?"]
[Date "2021.04.25"]
[Round "?"]
[White "Plyutazakhar"]
[Black "Lox22992"]
[Result "1-0"]
[WhiteElo "2400"]
[BlackElo "2589"]
[PlyCount "43"]
[EventDate "2021.??.??"]
[EventType "blitz"]

1. e4 e5 2. Nf3 d5 3. exd5 Bd6 4. d4 e4 5. Qe2 Nf6 6. Nc3 O-O 7. Nd2 Re8 8. Nc4
Nbd7 9. Nxd6 cxd6 10. Bg5 Qb6 11. O-O-O h6 12. Bxf6 Nxf6 13. Qb5 Qxb5 14. Bxb5
Re7 15. Rhe1 Bd7 16. Bxd7 Rxd7 17. Nxe4 Nxe4 18. Rxe4 Rc8 19. Rde1 Rdc7 20.
Re8+ Rxe8 21. Rxe8+ Kh7 22. Rd8 {Normal} 1-0